Premier League Players by Name - T - Statistics

General Stats
  • This quiz has been taken 22 times
  • The average score is 17 of 29
Answer Stats
Position Club Nation Player % Correct
MF Liverpool Spain Thiago Alcantara
94%
DF Arsenal Scotland Kieran Tierney
88%
MF Arsenal Ghana Thomas
88%
MF Leicester City Belgium Youri Tielemans
88%
FW Manchester City Spain Ferran Torres
82%
DF Liverpool Greece Kostas Tsimikas
82%
FW Wolves Spain Adama Traore
76%
FW Aston Villa Burkina Faso Bertrand Traore
76%
DF Burnley England James Tarkowski
76%
DF Tottenham Hotspur England Japhet Tanganga
76%
DF Leicester City England Luke Thomas
76%
DF Manchester United Brazil Alex Telles
71%
FW Everton Turkey Cenk Tosun
65%
FW Brentford England Ivan Toney
65%
FW Aston Villa Egypt Trezeguet
65%
MF Brighton & Hove Albion Belgium Leandro Trossard
59%
DF Arsenal Japan Takehiro Tomiyasu
59%
DF Aston Villa England Matt Targett
53%
FW Wolves Portugal Francisco Trincao
47%
DF Burnley England Charlie Taylor
41%
DF Brentford England Dominic Thompson
41%
DF Crystal Palace England James Tomkins
41%
DF Arsenal Portugal Nuno Tavares
41%
MF Everton England Andros Townsend
35%
FW Norwich City Greece Christos Tzolis
35%
MF Watford Turkey Ozan Tufan
35%
DF Watford Nigeria William Troost-Ekong
35%
MF Southampton England Nathan Tella
24%
DF Aston Villa England Axel Tuanzebe
12%
No matching quizzes found
Score Distribution
Percent of People with Each Score
Percentile by Number Answered
Your Score History
You have not taken this quiz